[Event "Khazar Cup 2016 (A) Master Tournament"]
[Site "Zibakenar,Iran"]
[Date "2016.02.11"]
[Round "1"]
[Board "1"]
[White "Tiviakov, Sergei"]
[Black "Roohi, Abdolmajid"]
[Result "1-0"]
[WhiteElo "2613"]
[BlackElo "2214"]
[PlyCount "0"]
[EventDate "2016.02.11"]
[EventRounds "9"]
[EventCountry "IRI"]

1. e4 e5 2. Bc4 Nf6 3. d3 Nc6 4. Nf3 Be7 5. Bb3 d6 6. c3 O-O 7. O-O Bg4 8. h3 Bh5
9. Be3 d5 10. Nbd2 dxe4 11. dxe4 h6 12. Qe2 a6 13. Rfe1 g5 14. Bc2 Bg6 15. Nc4
Nd7 16. Rad1 f6 17. Bc1 Qe8 18. Ne3 Kg7 19. Nf5+ Bxf5 20. exf5 Rd8 21. b4 Nb6 22.
Be4 Nc8 23. Nd2 Nd6 24. Bc2 b5 25. Nb3 Nc4 26. Be4 Bd6 27. Rd3 a5 28. Qf3 Nb8 29.
bxa5 Qe7 30. Red1 Na6 31. Qh5 Qf7 32. Qxf7+ Kxf7 33. Bb7 Nb8 34. a6 Nd7 35. Rd5
Ndb6 36. Rxb5 Ke7 37. a7 1-0

[Event "Khazar Cup 2016 (A) Master Tournament"]
[Site "Zibakenar,Iran"]
[Date "2016.02.11"]
[Round "1"]
[Board "2"]
[White "Moradi, Amirmasoud"]
[Black "Volkov, Sergey"]
[Result "0-1"]
[WhiteElo "2209"]
[BlackElo "2607"]
[PlyCount "0"]
[EventDate "2016.02.11"]
[EventRounds "9"]
[EventCountry "IRI"]

1. e4 {[%clk 1:30:53]} e6 {[%clk 1:30:53]} 2. d4 {[%clk 1:30:54]} d5
{[%clk 1:31:15]} 3. Nc3 {[%clk 1:30:57]} Nf6 {[%clk 1:31:35]} 4. Bg5
{[%clk 1:30:23]} Bb4 {[%clk 1:31:48]} 5. e5 {[%clk 1:29:01]} h6 {[%clk 1:30:05]}
6. Bd2 {[%clk 1:26:53]} Bxc3 {[%clk 1:30:23]} 7. bxc3 {[%clk 1:27:14]} Ne4
{[%clk 1:30:46]} 8. Qg4 {[%clk 1:23:50]} Kf8 {[%clk 1:31:00]} 9. Qf4
{[%clk 1:17:45]} c5 {[%clk 1:30:31]} 10. Bd3 {[%clk 1:16:22]} Nxd2
{[%clk 1:30:46]} 11. Qxd2 {[%clk 1:16:50]} Nc6 {[%clk 1:31:00]} 12. Nf3
{[%clk 1:16:24]} c4 {[%clk 1:30:25]} 13. Be2 {[%clk 1:13:49]} Ke7
{[%clk 1:30:33]} 14. O-O {[%clk 1:10:09]} Kd7 {[%clk 1:27:24]} 15. g3
{[%clk 1:01:12]} Kc7 {[%clk 1:27:32]} 16. Nh4 {[%clk 0:53:42]} Bd7
{[%clk 1:24:30]} 17. f4 {[%clk 0:40:55]} g6 {[%clk 1:23:56]} 18. Ng2
{[%clk 0:34:37]} h5 {[%clk 1:23:30]} 19. Nh4 {[%clk 0:21:39]} Rc8
{[%clk 1:22:21]} 20. Nf3 {[%clk 0:20:54]} Kb8 {[%clk 1:22:43]} 21. a4
{[%clk 0:20:01]} Na5 {[%clk 1:17:50]} 22. Qc1 {[%clk 0:17:56]} Qe7
{[%clk 1:18:04]} 23. Qb2 {[%clk 0:17:19]} Rhe8 {[%clk 1:17:32]} 24. Rfb1
{[%clk 0:15:37]} Rc6 {[%clk 1:17:06]} 25. Qb4 {[%clk 0:13:42]} Ra6
{[%clk 1:17:11]} 26. Ng5 {[%clk 0:12:21]} b6 {[%clk 1:11:13]} 27. Bf3
{[%clk 0:06:34]} Nc6 {[%clk 1:11:00]} 28. Qd6+ {[%clk 0:06:24]} Kc8
{[%clk 1:09:43]} 29. Qa3 {[%clk 0:02:38]} Qxa3 {[%clk 1:03:34]} 30. Rxa3
{[%clk 0:03:07]} Nd8 {[%clk 1:03:39]} 31. Rba1 {[%clk 0:02:23]} Ra5
{[%clk 1:01:35]} 32. Kf2 {[%clk 0:02:00]} Rh8 {[%clk 0:59:33]} 33. h4
{[%clk 0:01:42]} Bc6 {[%clk 0:58:54]} 34. Be2 {[%clk 0:01:52]} Kd7
{[%clk 0:59:05]} 35. Nf3 {[%clk 0:01:43]} Ke7 {[%clk 0:59:10]} 36. Nd2
{[%clk 0:02:08]} Bd7 {[%clk 0:57:39]} 37. Nb3 {[%clk 0:01:36]} Ra6
{[%clk 0:56:11]} 38. a5 {[%clk 0:01:25]} Nc6 {[%clk 0:55:29]} 39. Ke3
{[%clk 0:01:16]} Rb8 {[%clk 0:54:30]} 40. Kd2 {[%clk 0:01:19]} Bc8
{[%clk 0:54:06]} 41. Nc1 {[%clk 0:00:31]} Rxa5 {[%clk 0:53:12]} 42. Rxa5
{[%clk 0:00:40]} Nxa5 {[%clk 0:53:33]} 43. Na2 {[%clk 0:00:58]} Bb7
{[%clk 0:50:59]} 44. Nb4 {[%clk 0:01:22]} Rh8 {[%clk 0:51:14]} 45. Kc1
{[%clk 0:00:49]} Kd7 {[%clk 0:50:40]} 46. Kb2 {[%clk 0:00:52]} Kc7
{[%clk 0:50:57]} 47. Rh1 {[%clk 0:00:33]} Ba8 {[%clk 0:47:11]} 48. Ra1
{[%clk 0:00:38]} Kc8 {[%clk 0:46:21]} 49. Kc1 {[%clk 0:00:56]} Kc7
{[%clk 0:44:48]} 50. Kb2 {[%clk 0:01:20]} Bc6 {[%clk 0:45:06]} 51. Kc1
{[%clk 0:01:34]} Bb5 {[%clk 0:44:48]} 52. Kb2 {[%clk 0:01:28]} Kb8
{[%clk 0:44:36]} 53. Bf3 {[%clk 0:01:14]} Nb7 {[%clk 0:44:27]} 54. Rh1
{[%clk 0:01:05]} Nd8 {[%clk 0:44:32]} 55. Na2 {[%clk 0:01:14]} Nc6
{[%clk 0:44:37]} 56. f5 {[%clk 0:00:34]} gxf5 {[%clk 0:42:13]} 57. Nc1
{[%clk 0:01:02]} Ne7 {[%clk 0:41:53]} 58. Ne2 {[%clk 0:01:31]} Ng6
{[%clk 0:42:17]} 59. Nf4 {[%clk 0:01:58]} Nxf4 {[%clk 0:42:43]} 60. gxf4
{[%clk 0:02:23]} Kc7 {[%clk 0:42:40]} 61. Rg1 {[%clk 0:01:35]} Kd8
{[%clk 0:42:44]} 62. Rg5 {[%clk 0:01:15]} Ke7 {[%clk 0:42:20]} 63. Ka3
{[%clk 0:01:04]} Be8 {[%clk 0:42:32]} 64. Rxh5 {[%clk 0:00:34]} Rxh5
{[%clk 0:42:26]} 65. Bxh5 {[%clk 0:01:03]} Kf8 {[%clk 0:42:37]} 66. Kb4
{[%clk 0:01:22]} Kg7 {[%clk 0:42:22]} 67. Ka3 {[%clk 0:01:44]} Kh6
{[%clk 0:41:38]} 68. Bf3 {[%clk 0:02:11]} Kg6 {[%clk 0:42:00]} 69. Kb4
{[%clk 0:01:31]} a5+ {[%clk 0:41:57]} 70. Ka3 {[%clk 0:02:00]} b5
{[%clk 0:41:41]} 71. Kb2 {[%clk 0:02:28]} f6 {[%clk 0:42:03]} 72. Kc1
{[%clk 0:01:50]} fxe5 {[%clk 0:42:23]} 73. dxe5 {[%clk 0:02:18]} Kh6
{[%clk 0:42:45]} 74. Kd2 {[%clk 0:02:22]} Bh5 {[%clk 0:43:06]} 75. Bg2
{[%clk 0:02:44]} Bg4 {[%clk 0:43:17]} 76. Ke3 {[%clk 0:03:01]} a4
{[%clk 0:43:02]} 0-1

[Event "Khazar Cup 2016 (A) Master Tournament"]
[Site "Zibakenar,Iran"]
[Date "2016.02.11"]
[Round "1"]
[Board "3"]
[White "Grigoryan, Karen H."]
[Black "Moradi, Behrooz"]
[Result "1-0"]
[WhiteElo "2606"]
[BlackElo "2207"]
[PlyCount "0"]
[EventDate "2016.02.11"]
[EventRounds "9"]
[EventCountry "IRI"]

1. e4 {[%clk 1:30:57]} c5 {[%clk 1:30:47]} 2. Nf3 {[%clk 1:31:07]} e6
{[%clk 1:31:11]} 3. d4 {[%clk 1:31:30]} cxd4 {[%clk 1:31:35]} 4. Nxd4
{[%clk 1:31:56]} Nf6 {[%clk 1:31:55]} 5. Nc3 {[%clk 1:32:17]} d6 {[%clk 1:32:18]}
6. g4 {[%clk 1:32:34]} h6 {[%clk 1:32:20]} 7. Rg1 {[%clk 1:31:49]} Nc6
{[%clk 1:32:28]} 8. Be3 {[%clk 1:32:04]} Bd7 {[%clk 1:31:39]} 9. Nb3
{[%clk 1:28:41]} a6 {[%clk 1:22:09]} 10. a4 {[%clk 1:23:13]} Na5 {[%clk 1:19:49]}
11. Nd4 {[%clk 1:21:43]} Qc7 {[%clk 1:19:26]} 12. h4 {[%clk 1:15:32]} h5
{[%clk 1:17:44]} 13. gxh5 {[%clk 1:15:43]} Nc4 {[%clk 1:17:14]} 14. Bxc4
{[%clk 1:15:15]} Qxc4 {[%clk 1:17:38]} 15. h6 {[%clk 1:14:47]} gxh6
{[%clk 1:16:45]} 16. Qf3 {[%clk 1:12:08]} Be7 {[%clk 1:16:13]} 17. O-O-O
{[%clk 1:10:17]} O-O-O {[%clk 1:14:43]} 18. Rg7 {[%clk 1:07:19]} Be8
{[%clk 1:12:36]} 19. Nb3 {[%clk 1:03:37]} Nd7 {[%clk 1:10:11]} 20. Bd4
{[%clk 1:00:14]} Rf8 {[%clk 0:55:29]} 21. Qh5 {[%clk 0:56:40]} Nc5
{[%clk 0:40:13]} 22. Rg3 {[%clk 0:50:52]} Nxb3+ {[%clk 0:34:13]} 23. cxb3
{[%clk 0:51:01]} Qc7 {[%clk 0:33:33]} 24. Kb1 {[%clk 0:48:39]} Kb8
{[%clk 0:33:07]} 25. Rc1 {[%clk 0:48:09]} Rc8 {[%clk 0:31:51]} 26. Qxh6
{[%clk 0:44:48]} Qd8 {[%clk 0:29:22]} 27. Bg7 {[%clk 0:41:50]} Rg8
{[%clk 0:28:58]} 28. h5 {[%clk 0:41:48]} Qb6 {[%clk 0:23:54]} 29. Bd4
{[%clk 0:39:49]} Qxd4 {[%clk 0:24:18]} 30. Rxg8 {[%clk 0:40:14]} Qxf2
{[%clk 0:22:56]} 31. Nd1 {[%clk 0:39:42]} Qe1 {[%clk 0:21:11]} 32. Rxc8+
{[%clk 0:40:01]} Kxc8 {[%clk 0:21:35]} 33. Rxe8+ {[%clk 0:40:21]} Kd7
{[%clk 0:22:00]} 34. Rxe7+ {[%clk 0:40:44]} Kxe7 {[%clk 0:22:24]} 35. Qg5+
{[%clk 0:41:09]} Kd7 {[%clk 0:22:41]} 36. Qg4 {[%clk 0:40:40]} Qd2
{[%clk 0:22:52]} 37. Nc3 {[%clk 0:41:03]} Qd3+ {[%clk 0:22:59]} 38. Ka2
{[%clk 0:41:27]} f5 {[%clk 0:23:21]} 39. Qg7+ {[%clk 0:41:51]} Kc6
{[%clk 0:23:41]} 40. h6 {[%clk 0:42:17]} 1-0

[Event "Khazar Cup 2016 (A) Master Tournament"]
[Site "Zibakenar,Iran"]
[Date "2016.02.11"]
[Round "1"]
[Board "4"]
[White "Hosseinzadeh, Nima"]
[Black "Gabuzyan, Hovhannes"]
[Result "0-1"]
[WhiteElo "2207"]
[BlackElo "2593"]
[PlyCount "0"]
[EventDate "2016.02.11"]
[EventRounds "9"]
[EventCountry "IRI"]

1. e4 c5 {[%clk 1:30:57]} 2. Nf3 {[%clk 1:31:17]} d6 {[%clk 1:31:23]} 3. d4
{[%clk 1:31:35]} cxd4 {[%clk 1:31:50]} 4. Nxd4 {[%clk 1:31:57]} Nf6
{[%clk 1:32:18]} 5. Nc3 {[%clk 1:32:19]} a6 {[%clk 1:32:45]} 6. Bg5
{[%clk 1:32:41]} Nbd7 {[%clk 1:33:04]} 7. Qe2 {[%clk 1:32:43]} h6
{[%clk 1:33:07]} 8. Bh4 {[%clk 1:33:06]} e5 {[%clk 1:31:47]} 9. Nf5
{[%clk 1:30:19]} g6 {[%clk 1:32:14]} 10. Ne3 {[%clk 1:30:15]} Be7
{[%clk 1:32:40]} 11. O-O-O {[%clk 1:30:19]} b5 {[%clk 1:33:07]} 12. Bxf6
{[%clk 1:23:00]} Nxf6 {[%clk 1:33:32]} 13. Ned5 {[%clk 1:22:59]} Be6
{[%clk 1:33:44]} 14. g3 {[%clk 1:09:59]} Rc8 {[%clk 1:33:26]} 15. f4
{[%clk 0:51:56]} Rxc3 {[%clk 1:33:48]} 16. bxc3 {[%clk 0:38:07]} Qa5
{[%clk 1:33:54]} 17. Kb2 {[%clk 0:38:09]} Bxd5 {[%clk 1:33:40]} 18. exd5
{[%clk 0:38:30]} Nd7 {[%clk 1:33:55]} 19. Qe4 {[%clk 0:35:30]} Nc5
{[%clk 1:33:36]} 20. Qb4 {[%clk 0:35:23]} Na4+ {[%clk 1:33:50]} 21. Kc1
{[%clk 0:31:15]} Qc7 {[%clk 1:33:48]} 22. c4 {[%clk 0:31:13]} O-O
{[%clk 1:33:07]} 23. fxe5 {[%clk 0:28:13]} Bg5+ {[%clk 1:29:22]} 24. Kb1
{[%clk 0:27:39]} bxc4 {[%clk 1:28:45]} 25. Qxa4 {[%clk 0:24:40]} Rb8+
{[%clk 1:29:11]} 26. Ka1 {[%clk 0:24:51]} Bd2 {[%clk 1:29:34]} 27. Rxd2
{[%clk 0:21:29]} Qb6 {[%clk 1:30:01]} 28. Qb3 {[%clk 0:21:52]} cxb3
{[%clk 1:30:26]} 29. cxb3 {[%clk 0:22:11]} Qe3 {[%clk 1:30:45]} 30. Rd1
{[%clk 0:21:40]} Qxe5+ {[%clk 1:30:56]} 31. Kb1 {[%clk 0:22:10]} a5
{[%clk 1:31:16]} 32. Bc4 {[%clk 0:21:56]} a4 {[%clk 1:31:39]} 33. Rhe1
{[%clk 0:22:18]} Qf5+ {[%clk 1:32:05]} 34. Bd3 {[%clk 0:22:35]} Qf6
{[%clk 1:32:29]} 35. Bc4 {[%clk 0:22:42]} a3 {[%clk 1:32:46]} 36. Re2
{[%clk 0:22:30]} Kg7 {[%clk 1:33:08]} 37. Kc2 {[%clk 0:22:30]} Rc8
{[%clk 1:33:09]} 38. Kd3 {[%clk 0:22:23]} Qf3+ {[%clk 1:33:36]} 39. Kd2
{[%clk 0:22:41]} h5 {[%clk 1:33:56]} 40. Rde1 {[%clk 0:22:57]} h4
{[%clk 1:34:13]} 41. Re3 {[%clk 0:22:59]} Qf6 {[%clk 1:34:33]} 42. Rf1
{[%clk 0:22:37]} Qd4+ 0-1

[Event "Khazar Cup 2016 (A) Master Tournament"]
[Site "Zibakenar,Iran"]
[Date "2016.02.11"]
[Round "1"]
[Board "5"]
[White "Ghaem Maghami, Ehsan"]
[Black "Aghaei, Alireza"]
[Result "1/2-1/2"]
[WhiteElo "2570"]
[BlackElo "2206"]
[PlyCount "0"]
[EventDate "2016.02.11"]
[EventRounds "9"]
[EventCountry "IRI"]

1. c4 e5 2. Nc3 Nc6 3. Nf3 g6 4. d4 exd4 5. Nxd4 Bg7 6. Nxc6 bxc6 7. Qd2 Ne7 8.
b3 O-O 9. Bb2 d5 10. e3 Be6 11. O-O-O Qc8 12. Na4 Bxb2+ 13. Nxb2 dxc4 14. Bxc4 a5
15. Qc3 Nd5 16. Bxd5 cxd5 17. Na4 Bd7 18. Nc5 a4 19. b4 Bb5 20. f3 Qf5 21. h4
Rfe8 22. Rd2 Qe5 23. Qxe5 Rxe5 24. Re1 Rae8 25. e4 dxe4 26. Rxe4 Bc6 27. Rxe5
Rxe5 28. Na6 a3 29. Nxc7 Re1+ 30. Rd1 Re7 31. Na6 Re2 32. Rd2 Re1+ 33. Rd1 Re2
34. Rd2 Re1+ 35. Kc2 Ba4+ 36. Kc3 Rc1+ 37. Kd4 Bb5 38. Nc5 Rc4+ 39. Ke5 Rxb4 40.
Rd8+ Kg7 41. Ra8 Rb2 42. Rxa3 Bc4 43. g4 Rxa2 44. Rc3 f6+ 45. Kd6 Rd2+ 46. Kc7
Bd5 47. f4 Rd4 48. Rd3 Rxd3 49. Nxd3 Bf3 50. g5 h6 51. Kd6 hxg5 52. hxg5 fxg5 53.
fxg5 Be4 54. Ne5 Bf5 55. Ke7 Be4 56. Nd7 Bc6 57. Nc5 Bb5 58. Ne6+ Kg8 59. Kf6 Bd3
60. Nf4 Bc2 61. Nxg6 Ba4 62. Ne7+ Kf8 63. g6 Bb3 64. Nf5 Kg8 65. Ne7+ Kh8 66. Nf5
Kg8 67. g7 Kh7 68. Ng3 Bd5 69. Nh5 Bb3 70. Nf4 Bc4 71. Nh3 Bb3 72. Ng5+ Kh6 73.
Ne4 Kh7 74. Nd6 Ba2 75. Ne4 Bb3 76. Ng5+ Kh6 77. Nf3 Kh7 78. Nd4 Ba2 79. Nf5 Bb3
80. Ne7 Ba2 81. Ng6 Bb3 82. Nf8+ Kh6 83. Nd7 Kh7 84. Nc5 Ba2 85. Ne4 Bb3 86. Nd6
Ba2 87. Ne8 Kg8 88. Nd6 Kh7 89. Nf5 Bb3 90. Nd4 Ba2 91. Nf5 Bb3 92. Ke7 Kg6 93.
Nd4 Kxg7 1/2-1/2

[Event "Khazar Cup 2016 (A) Master Tournament"]
[Site "Zibakenar,Iran"]
[Date "2016.02.11"]
[Round "1"]
[Board "6"]
[White "Mari Ooriad, Pouya"]
[Black "Idani, Pouya"]
[Result "1/2-1/2"]
[WhiteElo "2205"]
[BlackElo "2568"]
[PlyCount "0"]
[EventDate "2016.02.11"]
[EventRounds "9"]
[EventCountry "IRI"]

1. e4 {[%clk 1:30:26]} g6 {[%clk 1:29:40]} 2. d4 {[%clk 1:30:38]} Bg7
{[%clk 1:30:04]} 3. Nc3 {[%clk 1:31:02]} a6 {[%clk 1:30:26]} 4. f4
{[%clk 1:25:53]} b5 {[%clk 1:29:13]} 5. Nf3 {[%clk 1:24:54]} Bb7 {[%clk 1:29:27]}
6. Bd3 {[%clk 1:25:13]} d6 {[%clk 1:28:28]} 7. Qe2 {[%clk 1:23:12]} Nd7
{[%clk 1:22:16]} 8. e5 {[%clk 1:17:27]} e6 {[%clk 1:19:40]} 9. d5
{[%clk 1:10:13]} Nc5 {[%clk 1:16:00]} 10. dxe6 {[%clk 1:08:26]} fxe6
{[%clk 1:15:17]} 11. Ng5 {[%clk 0:59:21]} Nh6 {[%clk 0:47:28]} 12. Nce4
{[%clk 0:51:38]} Bxe4 {[%clk 0:42:32]} 13. Bxe4 {[%clk 0:50:52]} d5
{[%clk 0:42:41]} 14. Bd3 {[%clk 0:46:46]} O-O {[%clk 0:35:36]} 15. Be3
{[%clk 0:43:29]} d4 {[%clk 0:34:05]} 16. Bd2 {[%clk 0:43:41]} Qd5
{[%clk 0:31:28]} 17. O-O {[%clk 0:41:21]} Nxd3 {[%clk 0:28:51]} 18. cxd3
{[%clk 0:36:49]} c5 {[%clk 0:29:14]} 19. Qf3 {[%clk 0:36:39]} Rfe8
{[%clk 0:22:51]} 20. a4 {[%clk 0:24:29]} Nf7 {[%clk 0:22:09]} 21. Ne4
{[%clk 0:23:10]} Rec8 {[%clk 0:19:59]} 22. Rfc1 {[%clk 0:23:02]} c4
{[%clk 0:17:56]} 23. Bb4 {[%clk 0:17:17]} cxd3 {[%clk 0:16:11]} 24. Qxd3
{[%clk 0:17:13]} Rc4 {[%clk 0:16:10]} 25. Bd2 {[%clk 0:15:44]} Rac8
{[%clk 0:14:58]} 26. b3 {[%clk 0:15:00]} Rxc1+ {[%clk 0:15:19]} 27. Rxc1
{[%clk 0:15:29]} Rxc1+ {[%clk 0:15:08]} 28. Bxc1 {[%clk 0:15:57]} g5
{[%clk 0:14:15]} 29. g3 {[%clk 0:16:11]} gxf4 {[%clk 0:14:32]} 30. gxf4
{[%clk 0:16:37]} Nh6 {[%clk 0:12:22]} 31. axb5 {[%clk 0:15:44]} axb5
{[%clk 0:11:44]} 32. Ng3 {[%clk 0:15:21]} Nf5 {[%clk 0:07:56]} 33. Kf2 1/2-1/2

[Event "Khazar Cup 2016 (A) Master Tournament"]
[Site "Zibakenar,Iran"]
[Date "2016.02.12"]
[Round "2"]
[Board "1"]
[White "Faghirnavaz, Ali"]
[Black "Tiviakov, Sergei"]
[Result "1/2-1/2"]
[WhiteElo "2319"]
[BlackElo "2613"]
[PlyCount "0"]
[EventDate "2016.02.11"]
[EventRounds "9"]
[EventCountry "IRI"]

1. d4 {[%clk 1:30:57]} Nf6 {[%clk 1:30:49]} 2. Nf3 {[%clk 1:31:18]} e6
{[%clk 1:31:14]} 3. e3 {[%clk 1:31:36]} b6 {[%clk 1:31:36]} 4. Bd3
{[%clk 1:31:59]} Bb7 {[%clk 1:32:00]} 5. Nbd2 {[%clk 1:31:54]} c5
{[%clk 1:27:57]} 6. O-O {[%clk 1:31:07]} cxd4 {[%clk 1:27:33]} 7. exd4
{[%clk 1:31:27]} Be7 {[%clk 1:27:59]} 8. Re1 {[%clk 1:30:23]} O-O
{[%clk 1:27:52]} 9. b3 {[%clk 1:28:26]} Nc6 {[%clk 1:25:57]} 10. a3
{[%clk 1:27:37]} Re8 {[%clk 1:25:37]} 11. Bb2 {[%clk 1:27:47]} Rc8
{[%clk 1:23:55]} 12. Qe2 {[%clk 1:24:00]} Bf8 {[%clk 1:23:11]} 13. Rac1
{[%clk 1:19:37]} Ne7 {[%clk 1:20:48]} 14. c4 {[%clk 1:16:34]} Ng6
{[%clk 1:19:27]} 15. g3 {[%clk 1:09:22]} d5 {[%clk 1:16:20]} 16. h4
{[%clk 0:46:16]} Bd6 {[%clk 1:02:19]} 17. Ng5 {[%clk 0:31:04]} Nf8
{[%clk 1:00:03]} 18. Ngf3 {[%clk 0:22:10]} Qe7 {[%clk 0:59:03]} 19. Ne5
{[%clk 0:21:38]} Ba8 {[%clk 0:54:36]} 20. cxd5 {[%clk 0:07:16]} Bxd5
{[%clk 0:53:40]} 21. b4 {[%clk 0:05:46]} Rxc1 {[%clk 0:40:17]} 22. Rxc1
{[%clk 0:04:27]} Qb7 {[%clk 0:40:34]} 23. b5 {[%clk 0:03:23]} Rc8
{[%clk 0:33:57]} 24. Rxc8 {[%clk 0:03:25]} Qxc8 {[%clk 0:34:23]} 25. Ndc4
{[%clk 0:03:46]} Bb8 {[%clk 0:31:11]} 26. Qc2 {[%clk 0:03:47]} Ng6
{[%clk 0:29:33]} 27. Nxf7 {[%clk 0:02:16]} Qb7 {[%clk 0:18:28]} 28. Nfe5
{[%clk 0:00:33]} Nf8 {[%clk 0:18:30]} 29. Ne3 {[%clk 0:00:44]} Bh1
{[%clk 0:18:04]} 30. Nc6 {[%clk 0:00:51]} Bf3 {[%clk 0:18:31]} 31. a4
{[%clk 0:00:34]} Bd6 {[%clk 0:12:08]} 32. Be2 {[%clk 0:00:55]} Be4
{[%clk 0:12:21]} 33. Bd3 {[%clk 0:01:22]} Bf3 {[%clk 0:12:39]} 34. Be2
{[%clk 0:01:39]} Be4 {[%clk 0:13:06]} 35. Bd3 {[%clk 0:02:00]} 1/2-1/2

[Event "Khazar Cup 2016 (A) Master Tournament"]
[Site "Zibakenar,Iran"]
[Date "2016.02.12"]
[Round "2"]
[Board "2"]
[White "Volkov, Sergey"]
[Black "Sedaghati, Mehrdad"]
[Result "1-0"]
[WhiteElo "2607"]
[BlackElo "2310"]
[PlyCount "0"]
[EventDate "2016.02.11"]
[EventRounds "9"]
[EventCountry "IRI"]

1. d4 {[%clk 1:30:53]} Nf6 {[%clk 1:30:50]} 2. c4 {[%clk 1:31:16]} e6
{[%clk 1:31:17]} 3. Nf3 {[%clk 1:31:36]} b6 {[%clk 1:31:35]} 4. g3
{[%clk 1:31:58]} Ba6 {[%clk 1:30:58]} 5. Qa4 {[%clk 1:32:18]} Be7
{[%clk 1:30:34]} 6. Nc3 {[%clk 1:31:28]} Bb7 {[%clk 1:30:47]} 7. Bg2
{[%clk 1:31:41]} Ne4 {[%clk 1:26:56]} 8. O-O {[%clk 1:31:35]} Nxc3
{[%clk 1:26:33]} 9. bxc3 {[%clk 1:32:02]} c5 {[%clk 1:24:50]} 10. Rd1
{[%clk 1:23:19]} O-O {[%clk 1:20:01]} 11. d5 {[%clk 1:17:13]} Qc8
{[%clk 1:05:33]} 12. Bf4 {[%clk 1:12:35]} Rd8 {[%clk 1:05:30]} 13. e4
{[%clk 1:08:48]} d6 {[%clk 1:01:00]} 14. e5 {[%clk 1:08:08]} exd5
{[%clk 0:51:56]} 15. cxd5 {[%clk 1:07:06]} Na6 {[%clk 0:52:10]} 16. c4
{[%clk 1:04:47]} Nc7 {[%clk 0:51:49]} 17. Qc2 {[%clk 1:02:58]} Ne8
{[%clk 0:37:34]} 18. Ng5 {[%clk 0:51:37]} Bxg5 {[%clk 0:37:47]} 19. Bxg5
{[%clk 0:52:04]} dxe5 {[%clk 0:38:15]} 20. Bxd8 {[%clk 0:52:10]} Qxd8
{[%clk 0:38:42]} 21. d6 {[%clk 0:51:00]} Bxg2 {[%clk 0:38:54]} 22. Kxg2
{[%clk 0:51:18]} Nf6 {[%clk 0:37:35]} 23. Qf5 {[%clk 0:48:50]} Nd7
{[%clk 0:37:36]} 24. a4 {[%clk 0:47:08]} g6 {[%clk 0:36:36]} 25. Qe4
{[%clk 0:46:58]} a5 {[%clk 0:35:16]} 26. Qb7 {[%clk 0:39:33]} Rb8
{[%clk 0:34:38]} 27. Qc6 {[%clk 0:38:47]} Kg7 {[%clk 0:32:30]} 28. Ra3
{[%clk 0:37:49]} Rc8 {[%clk 0:32:21]} 29. Qd5 {[%clk 0:37:51]} f5
{[%clk 0:30:01]} 30. Re3 {[%clk 0:35:39]} Qf6 {[%clk 0:28:21]} 31. Qb7
{[%clk 0:35:06]} Rd8 {[%clk 0:28:48]} 32. Qc7 {[%clk 0:34:15]} Kf8
{[%clk 0:25:46]} 33. Rde1 {[%clk 0:29:38]} h5 {[%clk 0:22:49]} 34. f3
{[%clk 0:28:24]} g5 {[%clk 0:22:33]} 35. R3e2 {[%clk 0:27:32]} Ke8
{[%clk 0:14:08]} 36. Rxe5+ {[%clk 0:26:20]} Nxe5 {[%clk 0:14:32]} 37. Rxe5+
{[%clk 0:26:46]} Ra8 {[%clk 0:14:24]} 1-0